Catálogo de la Biblioteca Horacio González - Universidad Nacional de General Sarmiento

Poesía Argentina del siglo XX : (Registro nro. 17557)

Detalles MARC
000 -CABECERA
campo de control de longitud fija 01127nam a22002770a 4500
001 - NÚMERO DE CONTROL
campo de control PT18347
003 - IDENTIFICADOR DEL NÚMERO DE CONTROL
campo de control AR-LpoUNG
005 - FECHA Y HORA DE LA ÚLTIMA TRANSACCIÓN
campo de control 20210131232808.0
008 - DATOS DE LONGITUD FIJA--INFORMACIÓN GENERAL
campo de control de longitud fija 191001s1994||||ag |||||||||||||||||spa d
020 ## - NÚMERO INTERNACIONAL ESTÁNDAR DEL LIBRO
Número Internacional Estándar del Libro 9505810468
Condiciones de disponibilidad $3.00
040 ## - FUENTE DE LA CATALOGACIÓN
Centro catalogador/agencia de origen AR-LpoUNG
Lengua de catalogación spa
Centro/agencia transcriptor AR-LpoUNG
Normas de descripción aacr
041 ## - CÓDIGO DE LENGUA
Código de lengua del texto/banda sonora o título independiente spa
044 ## - CÓDIGO DEL PAÍS DE LA ENTIDAD EDITORA/PRODUCTORA
Código MARC del país ag
082 0# - NÚMERO DE LA CLASIFICACIÓN DECIMAL DEWEY
Número de clasificación A861 985ant
100 1# - ENTRADA PRINCIPAL--NOMBRE DE PERSONA
Nombre de persona Muschietti, Delfina
Término indicativo de función/relación sel.
245 10 - MENCIÓN DE TÍTULO
Título Poesía Argentina del siglo XX :
Resto del título antología
250 ## - MENCIÓN DE EDICIÓN
Mención de edición 1§ edición, 4§ reimp.
260 ## - PUBLICACIÓN, DISTRIBUCIÓN, ETC.
Lugar de publicación, distribución, etc. Buenos Aires :
Nombre del editor, distribuidor, etc. Colihue,
Fecha de publicación, distribución, etc. 1994.
300 ## - DESCRIPCIÓN FÍSICA
Extensión 166 p. :
Otras características físicas fot.
520 ## - SUMARIO, ETC.
Sumario, etc. Escritores: Leopoldo Lugones, Baldomero Fernández Moreno, Enrique Banchs, Oliverio Girondo, Alfonsina Storni, Celedonio Flores, Juan L. Ortíz, Luis L. Franco, Ricardo Molinari, Jorge L. Borges, José Pedroni, Francesco L. Bernárdez, Leopoldo Marechal, Mastronardi Carlos, Vicente Barbieri, Raúl González Tuñón, Homero Manzi, Atahualpa Yupanqui, Enrique Molina, Alberto Giri, Olga Orozco, Roberto Juaroz, Alejandra Pizanik.
650 #4 - PUNTO DE ACCESO ADICIONAL DE MATERIA--TÉRMINO DE MATERIA
Término de materia o nombre geográfico como elemento de entrada LITERATURA
653 ## - TÉRMINO DE INDIZACIÓN--NO CONTROLADO
Término no controlado LITERATURA ARGENTINA
653 ## - TÉRMINO DE INDIZACIÓN--NO CONTROLADO
Término no controlado MAES
905 ## - ELEMENTOS DE DATOS E LOCAL, LDE (RLIN)
a 18347
942 ## - ELEMENTOS DE PUNTO DE ACCESO ADICIONAL (KOHA)
Tipo de ítem Koha Libro
Existencias
Estado de retiro Estado de pérdida Estado dañado No para préstamo Código de colección Localización permanente Ubicación/localización actual Fecha de adquisición Total de préstamos Renovaciones totales Signatura topográfica completa Código de barras Fecha visto por última vez Fecha del último préstamo Precio válido a partir de Tipo de ítem Koha
        Colección General Biblioteca Universidad Nacional de General Sarmiento Biblioteca Universidad Nacional de General Sarmiento 31/01/2021 8 4 A861 985ant 00019500 20/04/2026 07/04/2026 31/01/2021 Libro